[Event "SVK-chT1W 2122"]
[Site "Slovakia"]
[Date "2022.04.23"]
[Round "8.5"]
[White "Tepper, Frantisek"]
[Black "Dlhy, Jozef"]
[Result "1/2-1/2"]
[WhiteElo "1986"]
[BlackElo "2055"]
[PlyCount "23"]
[EventDate "2021.11.06"]
[EventType "team-tourn"]
[EventRounds "11"]
[EventCountry "SVK"]
[SourceTitle "EXT 2023"]
[Source "ChessBase"]
[SourceDate "2022.10.05"]
[SourceVersion "1"]
[SourceVersionDate "2022.10.05"]
[SourceQuality "1"]
[WhiteTeam "Bratislava Slovan II"]
[BlackTeam "Nitra NSK"]
[WhiteTeamCountry "SVK"]
[BlackTeamCountry "SVK"]

1. e4 c6 2. d4 d5 3. Nc3 dxe4 4. Nxe4 Nd7 5. Nf3 Ngf6 6. Nxf6+ Nxf6 7. Bc4 Bf5 8. Ne5 e6 9. 0-0 Qc7 10. c3 Bd6 11. f4 h5 12. Bd3 1/2-1/2

[Event "SVK-chT2A 1920"]
[Site "Slovakia"]
[Date "2019.11.17"]
[Round "4.6"]
[White "Ulehla, Jakub"]
[Black "Tepper, Frantisek"]
[Result "0-1"]
[WhiteElo "1739"]
[BlackElo "2008"]
[PlyCount "60"]
[EventDate "2019.10.26"]
[EventType "team-tourn"]
[EventRounds "11"]
[EventCountry "SVK"]
[SourceTitle "CBM 193 Extra"]
[Source "ChessBase"]
[SourceDate "2020.01.31"]
[SourceVersion "1"]
[SourceVersionDate "2020.01.31"]
[SourceQuality "1"]
[WhiteTeam "Osuske II"]
[BlackTeam "Bratislava Slovan IV"]
[WhiteTeamCountry "SVK"]
[BlackTeamCountry "SVK"]

1. e4 Nc6 2. Nf3 e5 3. Bb5 f5 4. d3 fxe4 5. dxe4 Nf6 6. 0-0 Bc5 7. Bc4 Qe7 8. Bg5 h6 9. Bxf6 Qxf6 10. Nc3 Ne7 11. Ne2 d6 12. Ng3 Bg4 13. c3 h5 14. h3 g6 15. b4 Bb6 16. Qa4+ Bd7 17. Qc2 Bxh3 18. gxh3 Qxf3 19. Qd3 Rf8 20. Kh2 Qxd3 21. Bxd3 Bxf2 22. Ne2 Kd7 23. Bc4 Be3 24. Kg3 g5 25. h4 Bf4+ 26. Nxf4 exf4+ 27. Kh3 g4+ 28. Kg2 Ng6 29. Rh1 Ne5 30. Bb3 Rf6 0-1

[Event "SVK-ch 65"]
[Site "Tatranske Matliare"]
[Date "2019.05.26"]
[Round "2"]
[White "Tepper, Frantisek"]
[Black "Cehelsky, Cyril"]
[Result "1/2-1/2"]
[WhiteElo "2012"]
[BlackElo "1817"]
[PlyCount "61"]
[EventDate "2019.05.25"]
[EventType "swiss"]
[EventRounds "9"]
[EventCountry "SVK"]
[SourceTitle "CBM 190 Extra"]
[Source "ChessBase"]
[SourceDate "2019.07.15"]
[SourceVersion "1"]
[SourceVersionDate "2019.07.15"]
[SourceQuality "1"]

1. e4 c5 2. Nf3 d6 3. c3 Qc7 4. d4 e5 5. dxe5 dxe5 6. Bc4 Be7 7. Qd5 Be6 8. Bb5+ Kf8 9. Qxe5 Bd6 10. Qg5 Nc6 11. 0-0 f6 12. Qe3 Nh6 13. h3 Nf7 14. Na3 a6 15. Bc4 Bd7 16. Bd5 b5 17. Nc2 Re8 18. Qd2 Nce5 19. Nxe5 Rxe5 20. f4 Re7 21. e5 fxe5 22. fxe5 Bxe5 23. Bxf7 Rxf7 24. Rxf7+ Kxf7 25. Qd5+ Be6 26. Qf3+ Ke8 27. Qa8+ Qc8 28. Qe4 Bf6 29. Bf4 Kf7 30. Ne3 Re8 31. Qf3 1/2-1/2

[Event "SVK-ch 65"]
[Site "Tatranske Matliare"]
[Date "2019.05.26"]
[Round "3"]
[White "Tepper, Frantisek"]
[Black "Sutak, Andrej"]
[Result "1-0"]
[WhiteElo "2012"]
[BlackElo "1781"]
[PlyCount "85"]
[EventDate "2019.05.25"]
[EventType "swiss"]
[EventRounds "9"]
[EventCountry "SVK"]
[SourceTitle "CBM 190 Extra"]
[Source "ChessBase"]
[SourceDate "2019.07.15"]
[SourceVersion "1"]
[SourceVersionDate "2019.07.15"]
[SourceQuality "1"]

1. e4 e5 2. Nf3 Nc6 3. Bc4 Bc5 4. d3 Nf6 5. c3 0-0 6. b4 Bb6 7. a4 a6 8. Bg5 d6 9. 0-0 Bg4 10. Nbd2 Qe7 11. h3 Bh5 12. g4 Bg6 13. Nh4 Kh8 14. Nf5 Qd7 15. Bxf6 gxf6 16. Ne3 Ne7 17. Qf3 Kg7 18. h4 h6 19. Kh2 c6 20. Bb3 d5 21. Rg1 Bxe3 22. Qxe3 d4 23. cxd4 exd4 24. Qg3 Rad8 25. Rac1 Qd6 26. Qxd6 Rxd6 27. f4 Kh8 28. f5 Bh7 29. Kg3 Rg8 30. Kf4 Rg7 31. Nf3 b5 32. axb5 cxb5 33. e5 fxe5+ 34. Nxe5 Nd5+ 35. Bxd5 Rxd5 36. Rc6 a5 37. bxa5 b4 38. f6 Rg6 39. h5 Rg5 40. Nxf7+ Kg8 41. Nxh6+ Kh8 42. Nf7+ Kg8 43. Nxg5 1-0

[Event "SVK-chT2A 1819"]
[Site "Slovakia"]
[Date "2019.04.07"]
[Round "11.7"]
[White "Moravcik, Denis"]
[Black "Tepper, Frantisek"]
[Result "1/2-1/2"]
[WhiteElo "1716"]
[BlackElo "2019"]
[PlyCount "116"]
[EventDate "2018.10.13"]
[EventType "team-tourn"]
[EventRounds "11"]
[EventCountry "SVK"]
[SourceTitle "EXT 2020"]
[Source "ChessBase"]
[SourceDate "2019.10.17"]
[SourceVersion "1"]
[SourceVersionDate "2019.10.17"]
[SourceQuality "1"]
[WhiteTeam "Pezinok"]
[BlackTeam "Bratislava Slovan IV"]
[WhiteTeamCountry "SVK"]
[BlackTeamCountry "SVK"]

1. d4 Nf6 2. c4 c5 3. d5 e6 4. Nc3 exd5 5. cxd5 d6 6. e4 Be7 7. Nf3 0-0 8. Bd3 a6 9. a4 Re8 10. 0-0 Nfd7 11. Bf4 Qc7 12. Qc2 Bf6 13. e5 dxe5 14. Bxh7+ Kh8 15. Bg5 Nf8 16. Bxf6 Nxh7 17. Bxe5 Qd8 18. Rfe1 Bd7 19. Re4 Kg8 20. Rh4 g6 21. Qe4 Bf5 22. Qf4 f6 23. Qh6 g5 24. Rh5 Qe7 25. g4 Nd7 26. Bd6 Qxd6 27. gxf5 Qe7 28. d6 Qg7 29. Nd5 Qxh6 30. Rxh6 Re4 31. Nc7 Rc8 32. b3 Ndf8 33. Re1 Rxe1+ 34. Nxe1 Rd8 35. Nd3 b6 36. Nxa6 Rxd6 37. Rh3 Rd5 38. Rf3 Kf7 39. Nc7 Rd8 40. Nb2 g4 41. Rd3 Rxd3 42. Nxd3 Ng5 43. Nxc5 bxc5 44. a5 Nd7 45. a6 Nb6 46. a7 Nf3+ 47. Kg2 Nd4 48. a8Q Nxa8 49. Nxa8 Nxb3 50. Nb6 Nd2 51. Nd5 c4 52. Nc3 Nf3 53. h3 Ne1+ 54. Kg3 gxh3 55. Kxh3 Nd3 56. Kg3 Nb4 57. Kf3 Ke7 58. Ke4 Kd6 1/2-1/2

[Event "Banska Stiavnica V4 op"]
[Site "Banska Stiavnica"]
[Date "2018.07.12"]
[Round "6"]
[White "Tepper, Frantisek"]
[Black "Hyll, Jan"]
[Result "1/2-1/2"]
[WhiteElo "2034"]
[BlackElo "1915"]
[PlyCount "51"]
[EventDate "2018.07.07"]
[EventType "swiss"]
[EventRounds "9"]
[EventCountry "SVK"]
[SourceTitle "CBM 185 Extra"]
[Source "ChessBase"]
[SourceDate "2018.07.29"]
[SourceVersion "1"]
[SourceVersionDate "2018.07.29"]
[SourceQuality "1"]

1. e4 d5 2. exd5 Qxd5 3. Nc3 Qd8 4. d4 Nf6 5. Nf3 c6 6. h3 Bf5 7. Nh4 Bg6 8. Nxg6 hxg6 9. Be3 e6 10. a3 Nbd7 11. Qd2 Nb6 12. Be2 Nbd5 13. Nxd5 Nxd5 14. 0-0-0 b5 15. Bf3 Qb6 16. Bxd5 cxd5 17. Kb1 a5 18. Qd3 Bd6 19. Ka2 Kd7 20. g4 Qc6 21. b3 Rhc8 22. Rc1 Rcb8 23. h4 Be7 24. Kb2 a4 25. b4 Rh8 26. h5 1/2-1/2

[Event "Banska Stiavnica V4 op"]
[Site "Banska Stiavnica"]
[Date "2018.07.10"]
[Round "4"]
[White "Tepper, Frantisek"]
[Black "Slaba, Andrea"]
[Result "1/2-1/2"]
[WhiteElo "2034"]
[BlackElo "1889"]
[PlyCount "39"]
[EventDate "2018.07.07"]
[EventType "swiss"]
[EventRounds "9"]
[EventCountry "SVK"]
[SourceTitle "CBM 185 Extra"]
[Source "ChessBase"]
[SourceDate "2018.07.29"]
[SourceVersion "1"]
[SourceVersionDate "2018.07.29"]
[SourceQuality "1"]

1. e4 g6 2. d4 Bg7 3. Nc3 d6 4. Be3 c6 5. Qd2 b5 6. a3 a6 7. f4 Bb7 8. Nf3 e6 9. Bd3 Nd7 10. Ne2 c5 11. c3 Ngf6 12. Ng3 cxd4 13. cxd4 d5 14. e5 Ne4 15. Bxe4 dxe4 16. Ng5 Nb6 17. N5xe4 Nc4 18. Qe2 0-0 19. 0-0 h5 20. b3 1/2-1/2

[Event "Banska Stiavnica V4 op"]
[Site "Banska Stiavnica"]
[Date "2018.07.09"]
[Round "3"]
[White "Polyik, Peter"]
[Black "Tepper, Frantisek"]
[Result "1-0"]
[WhiteElo "2265"]
[BlackElo "2034"]
[PlyCount "59"]
[EventDate "2018.07.07"]
[EventType "swiss"]
[EventRounds "9"]
[EventCountry "SVK"]
[SourceTitle "CBM 185 Extra"]
[Source "ChessBase"]
[SourceDate "2018.07.29"]
[SourceVersion "1"]
[SourceVersionDate "2018.07.29"]
[SourceQuality "1"]

1. d4 Nf6 2. c4 c5 3. d5 e5 4. Nc3 d6 5. e4 Be7 6. Bd3 Nbd7 7. Nge2 Nf8 8. Ng3 Ng6 9. Nf5 0-0 10. g3 Re8 11. 0-0 h6 12. a3 a6 13. b4 b6 14. Rb1 Qc7 15. Bd2 Nf8 16. Kg2 N6h7 17. h4 Bf6 18. Kh2 Kh8 19. Rg1 Qd8 20. Bc2 Qc7 21. Ba4 Bd7 22. Bxd7 Qxd7 23. Qa4 Qc7 24. Qc6 Qxc6 25. dxc6 Rec8 26. b5 Ne6 27. Nd5 axb5 28. Nxb6 bxc4 29. Nxa8 Rxa8 30. Nxd6 1-0

[Event "Banska Stiavnica V4 op"]
[Site "Banska Stiavnica"]
[Date "2018.07.08"]
[Round "2"]
[White "Tepper, Frantisek"]
[Black "Chmiel, Marcin"]
[Result "1/2-1/2"]
[WhiteElo "2034"]
[BlackElo "2249"]
[PlyCount "104"]
[EventDate "2018.07.07"]
[EventType "swiss"]
[EventRounds "9"]
[EventCountry "SVK"]
[SourceTitle "CBM 185 Extra"]
[Source "ChessBase"]
[SourceDate "2018.07.29"]
[SourceVersion "1"]
[SourceVersionDate "2018.07.29"]
[SourceQuality "1"]

1. e4 e5 2. Nf3 Nc6 3. Bc4 Bc5 4. c3 Nf6 5. d3 a6 6. 0-0 d6 7. Bb3 Ba7 8. Be3 h6 9. Nbd2 0-0 10. Bxa7 Rxa7 11. Re1 Nh5 12. Nf1 Qf6 13. Ne3 Nf4 14. Nd5 Nxd5 15. exd5 Ne7 16. d4 Bg4 17. dxe5 dxe5 18. Qd3 Bxf3 19. Qxf3 Qxf3 20. gxf3 Ng6 21. Rad1 Rd8 22. Kf1 Kf8 23. Bc2 Nh4 24. Rxe5 Nxf3 25. Re4 Raa8 26. Kg2 Ng5 27. Red4 f6 28. d6 Ne6 29. Re4 Nc5 30. Red4 cxd6 31. Rxd6 Ke7 32. Rxd8 Rxd8 33. Rxd8 Kxd8 34. Kf3 Ke7 35. Kg4 Nd7 36. f4 g5 37. Bf5 Nc5 38. fxg5 hxg5 39. b4 Na4 40. c4 b6 41. Bc2 Nc3 42. a3 Ke6 43. Bd3 Ke5 44. c5 bxc5 45. Bxa6 Ne4 46. bxc5 f5+ 47. Kf3 g4+ 48. Kg2 Nxc5 49. Bb5 Kf4 50. a4 Nb3 51. Bd7 Kg5 52. a5 Nxa5 1/2-1/2

[Event "SVK-chT2A 1718"]
[Site "Slovakia"]
[Date "2018.03.17"]
[Round "10.3"]
[White "Janos, Ivan"]
[Black "Tepper, Frantisek"]
[Result "1-0"]
[WhiteElo "2096"]
[BlackElo "2047"]
[PlyCount "69"]
[EventDate "2017.10.28"]
[EventType "team-tourn"]
[EventRounds "11"]
[EventCountry "SVK"]
[SourceTitle "EXT 2020"]
[Source "ChessBase"]
[SourceDate "2019.10.17"]
[SourceVersion "1"]
[SourceVersionDate "2019.10.17"]
[SourceQuality "1"]
[WhiteTeam "Krasnany"]
[BlackTeam "Bratislava Slovan IV"]
[WhiteTeamCountry "SVK"]
[BlackTeamCountry "SVK"]

1. e4 e5 2. Nf3 Nf6 3. Nxe5 d6 4. Nf3 Nxe4 5. Nc3 Nxc3 6. dxc3 Be7 7. Be3 Nc6 8. Qd2 Bf5 9. 0-0-0 a6 10. Bc4 0-0 11. h4 Ne5 12. Nxe5 dxe5 13. Qe2 Qc8 14. h5 Be6 15. h6 g6 16. Kb1 b5 17. Bc5 Bd6 18. Bxd6 cxd6 19. Bd5 Ra7 20. Qf3 Qd8 21. Qe3 Re7 22. Rd2 Qc7 23. Rhd1 Bxd5 24. Rxd5 Re6 25. Qd2 Rd8 26. g4 f6 27. f4 exf4 28. Qxf4 Qe7 29. b3 Re1 30. Rxe1 Qxe1+ 31. Kb2 Qe7 32. Qd4 g5 33. c4 bxc4 34. Qxc4 Qe6 35. Rxg5+ 1-0

[Event "SVK-chT2A 1718"]
[Site "Slovakia"]
[Date "2018.02.04"]
[Round "7.5"]
[White "Tepper, Frantisek"]
[Black "Vrbova, Niki"]
[Result "0-1"]
[WhiteElo "2078"]
[BlackElo "2162"]
[PlyCount "66"]
[EventDate "2017.10.28"]
[EventType "team-tourn"]
[EventRounds "11"]
[EventCountry "SVK"]
[SourceTitle "EXT 2019"]
[Source "ChessBase"]
[SourceDate "2018.10.10"]
[SourceVersion "1"]
[SourceVersionDate "2018.10.10"]
[SourceQuality "1"]
[WhiteTeam "Bratislava Slovan IV"]
[BlackTeam "Bratislava Doprastav"]
[WhiteTeamCountry "SVK"]
[BlackTeamCountry "SVK"]

1. e4 d5 2. exd5 Nf6 3. d4 Nxd5 4. Nf3 g6 5. Be2 Bg7 6. 0-0 0-0 7. c4 Nb6 8. h3 Nc6 9. Be3 e5 10. d5 Ne7 11. Nc3 f5 12. Bc5 Re8 13. a4 Nd7 14. Ba3 e4 15. Nd4 Nf6 16. Re1 a6 17. Bf1 g5 18. f3 Ng6 19. fxe4 fxe4 20. g3 c5 21. dxc6 bxc6 22. Bg2 Qc7 23. Nde2 Qf7 24. b3 g4 25. h4 Ne5 26. Rf1 Nf3+ 27. Kh1 Nh5 28. Bd6 Bf5 29. Rc1 Rad8 30. c5 Be5 31. Qc2 Bxd6 32. cxd6 Rxd6 33. Rcd1 Rh6 0-1

[Event "Banska Stiavnica V4 op"]
[Site "Banska Stiavnica"]
[Date "2017.07.16"]
[Round "9"]
[White "Tepper, Frantisek"]
[Black "Jablonicky, Martin"]
[Result "0-1"]
[WhiteElo "2100"]
[BlackElo "2304"]
[PlyCount "128"]
[EventDate "2017.07.08"]
[EventType "swiss"]
[EventRounds "9"]
[EventCountry "SVK"]
[SourceTitle "CBM 179 Extra"]
[Source "ChessBase"]
[SourceDate "2017.08.23"]
[SourceVersion "1"]
[SourceVersionDate "2017.08.23"]
[SourceQuality "1"]

1. e4 Nc6 2. d4 d5 3. e5 f6 4. exf6 Nxf6 5. Nf3 Bg4 6. Bb5 Qd7 7. h3 Bxf3 8. Qxf3 a6 9. Bxc6 Qxc6 10. c3 e6 11. 0-0 Bd6 12. Re1 0-0 13. Qe2 Rae8 14. Be3 e5 15. Nd2 exd4 16. cxd4 Qc2 17. Nf1 Qxe2 18. Rxe2 Ne4 19. Rae1 a5 20. f3 Ng3 21. Nxg3 Bxg3 22. Bf2 Rxe2 23. Rxe2 Bd6 24. Rc2 a4 25. Kf1 Re8 26. Re2 Rb8 27. Ke1 b5 28. Kd1 b4 29. Kc2 Kf7 30. b3 axb3+ 31. axb3 Kf6 32. Re1 Ra8 33. Kb2 c5 34. Ra1 Rxa1 35. Kxa1 c4 36. Kb2 Kf5 37. Kc2 Kf4 38. Kd2 g5 39. Ke2 h5 40. g3+ Kf5 41. g4+ hxg4 42. hxg4+ Kf4 43. Be3+ Kg3 44. Bxg5 cxb3 45. Bc1 Be7 46. Kd3 Kxf3 47. g5 Bf8 48. g6 Bg7 49. Bd2 Bxd4 50. Kxd4 b2 51. g7 b1Q 52. g8Q Qe4+ 53. Kc5 Qc2+ 54. Kxb4 Qxd2+ 55. Kc5 Qc3+ 56. Kb6 d4 57. Qd5+ Ke2 58. Qg2+ Kd1 59. Qf1+ Kc2 60. Qe2+ Kb1 61. Qd1+ Ka2 62. Qh5 d3 63. Ka6 d2 64. Qe2 Qc2 0-1

[Event "Banska Stiavnica V4 op"]
[Site "Banska Stiavnica"]
[Date "2017.07.11"]
[Round "4"]
[White "Zpevak, Pavel"]
[Black "Tepper, Frantisek"]
[Result "1-0"]
[WhiteElo "2353"]
[BlackElo "2100"]
[PlyCount "77"]
[EventDate "2017.07.08"]
[EventType "swiss"]
[EventRounds "9"]
[EventCountry "SVK"]
[SourceTitle "CBM 179 Extra"]
[Source "ChessBase"]
[SourceDate "2017.08.23"]
[SourceVersion "1"]
[SourceVersionDate "2017.08.23"]
[SourceQuality "1"]

1. c4 Nf6 2. Nc3 d6 3. g3 g6 4. Bg2 Bg7 5. Nf3 c6 6. 0-0 0-0 7. d3 Nbd7 8. Rb1 e5 9. b4 Re8 10. Qc2 Nf8 11. Bd2 h6 12. a4 Qc7 13. a5 Rb8 14. h3 Bd7 15. Rfc1 Ne6 16. e4 b6 17. axb6 axb6 18. Be3 Ra8 19. Ra1 Nh7 20. b5 c5 21. Nd5 Qb7 22. Qd2 g5 23. h4 g4 24. Nh2 h5 25. Qd1 Kf8 26. f3 Rxa1 27. Rxa1 Nf6 28. Nxf6 Bxf6 29. fxg4 hxg4 30. Nxg4 Bg7 31. Nh6 Ra8 32. Nf5 Rxa1 33. Qxa1 Qb8 34. Qf1 Nd4 35. Bh3 Bxf5 36. Bxf5 Qa7 37. Bg4 Nc2 38. Bg5 Qa1 39. Qxa1 1-0

[Event "Backi Petrovac Cani Memorial"]
[Site "Backi Petrovac"]
[Date "2017.03.25"]
[Round "9"]
[White "Sredojevic, Ivan"]
[Black "Tepper, Frantisek"]
[Result "1-0"]
[WhiteElo "2367"]
[BlackElo "2066"]
[PlyCount "57"]
[EventDate "2017.03.20"]
[EventType "swiss"]
[EventRounds "9"]
[EventCountry "SRB"]
[SourceTitle "CBM 177 Extra"]
[Source "ChessBase"]
[SourceDate "2017.04.27"]
[SourceVersion "1"]
[SourceVersionDate "2017.04.27"]
[SourceQuality "1"]

1. e4 e5 2. Nf3 Nf6 3. Nxe5 d6 4. Nf3 Nxe4 5. d4 d5 6. Bd3 Be7 7. 0-0 Nc6 8. Re1 Bg4 9. c3 f5 10. Nbd2 Nxd2 11. Bxd2 0-0 12. Qb3 Bxf3 13. gxf3 Na5 14. Qc2 g6 15. Bh6 Rf7 16. Re6 Bg5 17. Bxg5 Qxg5+ 18. Kh1 Re7 19. f4 Qh4 20. Qe2 Rae8 21. Bxf5 Nc6 22. Rxe7 Rxe7 23. Be6+ Kg7 24. Qe3 Kf6 25. Re1 Qh5 26. f5 gxf5 27. c4 Qg5 28. f4 Qg4 29. cxd5 1-0

[Event "Backi Petrovac Cani Memorial"]
[Site "Backi Petrovac"]
[Date "2017.03.24"]
[Round "7"]
[White "Tepper, Frantisek"]
[Black "Miracola, Giorgia"]
[Result "1/2-1/2"]
[WhiteElo "2066"]
[BlackElo "1850"]
[PlyCount "37"]
[EventDate "2017.03.20"]
[EventType "swiss"]
[EventRounds "9"]
[EventCountry "SRB"]
[SourceTitle "CBM 177 Extra"]
[Source "ChessBase"]
[SourceDate "2017.04.27"]
[SourceVersion "1"]
[SourceVersionDate "2017.04.27"]
[SourceQuality "1"]

1. e4 g6 2. d4 Bg7 3. Nf3 d6 4. Nc3 a6 5. Be3 Nd7 6. Qd2 b5 7. a3 Bb7 8. d5 Rc8 9. Bd4 Ngf6 10. g4 0-0 11. g5 Nh5 12. Bxg7 Nxg7 13. h4 c5 14. dxc6 Bxc6 15. Nd4 Ne5 16. f4 Nc4 17. Bxc4 bxc4 18. Rg1 e6 19. 0-0-0 1/2-1/2

[Event "Backi Petrovac Cani Memorial"]
[Site "Backi Petrovac"]
[Date "2017.03.23"]
[Round "6"]
[White "Tepper, Frantisek"]
[Black "Cervenak, Juraj"]
[Result "1-0"]
[WhiteElo "2066"]
[BlackElo "1877"]
[PlyCount "55"]
[EventDate "2017.03.20"]
[EventType "swiss"]
[EventRounds "9"]
[EventCountry "SRB"]
[SourceTitle "CBM 177 Extra"]
[Source "ChessBase"]
[SourceDate "2017.04.27"]
[SourceVersion "1"]
[SourceVersionDate "2017.04.27"]
[SourceQuality "1"]

1. e4 e6 2. d4 d5 3. Nc3 Nf6 4. Bg5 Be7 5. e5 Nfd7 6. Bxe7 Qxe7 7. Bd3 a6 8. Qg4 0-0 9. Nf3 c5 10. Bxh7+ Kxh7 11. Qh5+ Kg8 12. Ng5 Qxg5 13. Qxg5 cxd4 14. Ne2 Nc6 15. f4 Nc5 16. 0-0-0 Ne4 17. Qh4 Bd7 18. Nxd4 Rac8 19. Rhe1 Nxd4 20. Rxd4 Rc7 21. c3 Rfc8 22. Re3 b5 23. Rh3 Kf8 24. Qh8+ Ke7 25. Qxg7 Be8 26. Rhd3 a5 27. Rxe4 dxe4 28. Qf6+ 1-0

[Event "SVK-chT1W 1617"]
[Site "Slovakia"]
[Date "2017.03.18"]
[Round "10.7"]
[White "Farkas, Renata"]
[Black "Tepper, Frantisek"]
[Result "0-1"]
[WhiteElo "1943"]
[BlackElo "2100"]
[PlyCount "74"]
[EventDate "2016.10.15"]
[EventType "team-tourn"]
[EventRounds "11"]
[EventCountry "SVK"]
[SourceTitle "EXT 2019"]
[Source "ChessBase"]
[SourceDate "2018.10.10"]
[SourceVersion "1"]
[SourceVersionDate "2018.10.10"]
[SourceQuality "1"]
[WhiteTeam "Gabcikovo Russel"]
[BlackTeam "Bratislava Slovan II"]
[WhiteTeamCountry "SVK"]
[BlackTeamCountry "SVK"]

1. d4 Nf6 2. Nf3 c5 3. d5 e6 4. c4 b5 5. b3 exd5 6. cxd5 d6 7. g3 Be7 8. Bg2 Bb7 9. Nh4 Ng4 10. Bb2 Bxh4 11. gxh4 Qxh4 12. Rf1 Ne3 13. Qd3 Nxg2+ 14. Kd1 0-0 15. Qg3 Qxg3 16. hxg3 Bxd5 17. Nc3 Bc6 18. Kd2 b4 19. Nd1 Nd7 20. f3 Ne5 21. Rc1 Rfe8 22. Rf2 a5 23. Rxg2 Bxf3 24. Rf2 Bh5 25. Rh2 Bg6 26. Ne3 Be4 27. Nc4 Nxc4+ 28. Rxc4 Rac8 29. Rc1 d5 30. e3 c4 31. Bd4 Re6 32. Rh4 Rec6 33. Rg4 g6 34. Ra1 a4 35. bxa4 Ra8 36. a3 c3+ 37. Ke1 b3 0-1

[Event "SVK-chT2A 1617"]
[Site "Slovakia"]
[Date "2017.02.11"]
[Round "8.4"]
[White "Polasek, Filip"]
[Black "Tepper, Frantisek"]
[Result "1/2-1/2"]
[WhiteElo "2070"]
[BlackElo "2087"]
[PlyCount "22"]
[EventDate "2016.10.08"]
[EventType "team-tourn"]
[EventRounds "11"]
[EventCountry "SVK"]
[SourceTitle "EXT 2018"]
[Source "ChessBase"]
[SourceDate "2017.10.13"]
[SourceVersion "1"]
[SourceVersionDate "2017.10.13"]
[SourceQuality "1"]
[WhiteTeam "Osuske II"]
[BlackTeam "Bratislava Slovan IV"]
[WhiteTeamCountry "SVK"]
[BlackTeamCountry "SVK"]

1. e4 e5 2. Nf3 Nc6 3. Nc3 Nf6 4. Bb5 Nd4 5. Nxd4 exd4 6. Nd5 c6 7. Nxf6+ Qxf6 8. Be2 Bc5 9. d3 Bb4+ 10. Bd2 Bxd2+ 11. Qxd2 d6 1/2-1/2

[Event "SVK-chT1W 1617"]
[Site "Slovakia"]
[Date "2016.11.19"]
[Round "3.7"]
[White "Banic, Marek"]
[Black "Tepper, Frantisek"]
[Result "1/2-1/2"]
[WhiteElo "1954"]
[BlackElo "2075"]
[PlyCount "34"]
[EventDate "2016.10.15"]
[EventType "team-tourn"]
[EventRounds "11"]
[EventCountry "SVK"]
[SourceTitle "EXT 2018"]
[Source "ChessBase"]
[SourceDate "2017.10.13"]
[SourceVersion "1"]
[SourceVersionDate "2017.10.13"]
[SourceQuality "1"]
[WhiteTeam "Povazska Bystrica"]
[BlackTeam "Bratislava Slovan II"]
[WhiteTeamCountry "SVK"]
[BlackTeamCountry "SVK"]

1. e4 Nc6 2. Nf3 e5 3. c3 d5 4. Bb5 dxe4 5. Nxe5 Bd7 6. Bxc6 bxc6 7. d4 exd3 8. Qxd3 Bd6 9. Nxd7 Qxd7 10. Qe4+ Ne7 11. Nd2 0-0 12. 0-0 Rfe8 13. Nc4 Bc5 14. Bg5 Qd5 15. Qxd5 cxd5 16. Be3 Bxe3 17. Nxe3 Rab8 1/2-1/2

[Event "SVK-chT2A 1516"]
[Site "Slovakia"]
[Date "2016.01.24"]
[Round "7.3"]
[White "Sahidi, Samir"]
[Black "Tepper, Frantisek"]
[Result "1-0"]
[WhiteElo "2191"]
[BlackElo "2136"]
[PlyCount "127"]
[EventDate "2015.10.17"]
[EventType "team-tourn"]
[EventRounds "11"]
[EventCountry "SVK"]
[SourceTitle "CBM 170 Extra"]
[Source "ChessBase"]
[SourceDate "2016.02.25"]
[SourceVersion "1"]
[SourceVersionDate "2016.02.25"]
[SourceQuality "1"]
[WhiteTeam "Bratislava KSN"]
[BlackTeam "Bratislava DP"]
[WhiteTeamCountry "SVK"]
[BlackTeamCountry "SVK"]

1. e4 e5 2. Nf3 Nc6 3. Bc4 Be7 4. 0-0 Nf6 5. Re1 d6 6. d4 0-0 7. c3 Bg4 8. d5 Nb8 9. h3 Bc8 10. Bd3 Ne8 11. c4 Nd7 12. Be3 g6 13. Qc2 Ng7 14. Nbd2 f5 15. Bh6 f4 16. Bxg7 Kxg7 17. Nh2 Nf6 18. b4 g5 19. Be2 h5 20. Qd1 Kh6 21. Rc1 Rg8 22. f3 a5 23. a3 b6 24. Nb3 a4 25. Nd2 Bd7 26. Rc3 Qc8 27. Kh1 Rg6 28. Rg1 Qg8 29. Qf1 Kh7 30. Qf2 Qf8 31. Bd1 Kg7 32. Be2 Kh7 33. Rgc1 Kg7 34. Kg1 Qf7 35. Kf1 Qf8 36. Ke1 Qd8 37. Kd1 Kh6 38. Kc2 Bc8 39. Kb2 Kg7 40. Bd1 h4 41. Bc2 Bb7 42. Qe2 Ra7 43. Qd1 Qa8 44. Nb1 Nd7 45. Ng4 Kh8 46. Nf2 Rg7 47. Rd3 Bd8 48. Nc3 Ba6 49. Bxa4 Bxc4 50. Bc6 Qb8 51. Nb5 Bxb5 52. Bxb5 Qb7 53. Qc2 Nb8 54. Bc6 Qa6 55. Qc4 Qxc4 56. Rxc4 Kh7 57. Nd1 Kg8 58. Nc3 Nxc6 59. Rxc6 Kf7 60. Nb5 Rb7 61. Kb3 Ke8 62. a4 Kd7 63. Kc4 Rg8 64. a5 1-0